A history of theatre in Africa / (Record no. 582)

000 -LEADER
fixed length control field 01213cam a2200301 a 4500
001 - CONTROL NUMBER
control field 13235398
003 - CONTROL NUMBER IDENTIFIER
control field OSt
005 - DATE AND TIME OF LATEST TRANSACTION
control field 20140116120832.0
008 - FIXED-LENGTH DATA ELEMENTS--GENERAL INFORMATION
fixed length control field 030612s2004 enk b 001 0 eng
010 ## - LIBRARY OF CONGRESS CONTROL NUMBER
LC control number 2003055280
020 ## - INTERNATIONAL STANDARD BOOK NUMBER
International Standard Book Number 9780521092081
040 ## - CATALOGING SOURCE
Transcribing agency DLC
Modifying agency DLC
043 ## - GEOGRAPHIC AREA CODE
Geographic area code f------
050 00 - LIBRARY OF CONGRESS CALL NUMBER
Classification number PN2969.H57 2004
245 02 - TITLE STATEMENT
Title A history of theatre in Africa /
Statement of responsibility, etc edited by Martin Banham.
260 ## - PUBLICATION, DISTRIBUTION, ETC. (IMPRINT)
Place of publication, distribution, etc Cambridge :
Name of publisher, distributor, etc Cambridge University Press,
Date of publication, distribution, etc 2004.
300 ## - PHYSICAL DESCRIPTION
Extent xvii, 478 p.
504 ## - BIBLIOGRAPHY, ETC. NOTE
Bibliography, etc Includes bibliographical references and index.
650 #0 - SUBJECT ADDED ENTRY--TOPICAL TERM
Topical term or geographic name as entry element Theater
Geographic subdivision Africa
General subdivision History.
650 #0 - SUBJECT ADDED ENTRY--TOPICAL TERM
Topical term or geographic name as entry element Performing arts
Geographic subdivision Africa
General subdivision History.
700 1# - ADDED ENTRY--PERSONAL NAME
Personal name Banham, Martin.
856 42 - ELECTRONIC LOCATION AND ACCESS
Materials specified Publisher description
Uniform Resource Identifier <a href="http://www.loc.gov/catdir/description/cam032/2003055280.html">http://www.loc.gov/catdir/description/cam032/2003055280.html</a>
856 41 - ELECTRONIC LOCATION AND ACCESS
Materials specified Table of contents
Uniform Resource Identifier <a href="http://www.loc.gov/catdir/toc/cam032/2003055280.html">http://www.loc.gov/catdir/toc/cam032/2003055280.html</a>
856 42 - ELECTRONIC LOCATION AND ACCESS
Materials specified Contributor biographical information
Uniform Resource Identifier <a href="http://www.loc.gov/catdir/enhancements/fy0732/2003055280-b.html">http://www.loc.gov/catdir/enhancements/fy0732/2003055280-b.html</a>
906 ## - LOCAL DATA ELEMENT F, LDF (RLIN)
a 7
b cbc
c orignew
d 1
e ocip
f 20
g y-gencatlg
942 ## - ADDED ENTRY ELEMENTS (KOHA)
Source of classification or shelving scheme
Koha item type Book
Holdings
Withdrawn status Lost status Source of classification or shelving scheme Damaged status Not for loan Home library Current library Date acquired Source of acquisition Total Checkouts Full call number Barcode Date last seen Copy number Price effective from Koha item type Date checked out
          Riara University Library Riara University Library 24/10/2011 Purchase   PN2969.H57 2004 2444/11 24/10/2011 C.1 24/10/2011 Book  
          Riara University Library Riara University Library 24/10/2011 Purchase 1 PN2969.H57 2004 2443/11 22/05/2015 C.2 24/10/2011 Book 13/04/2015
          Riara University Library Riara University Library 24/10/2011 Purchase   PN2969.H57 2004 2442/11 24/10/2011 C.3 24/10/2011 Book  

Riara University Library,
P.O. Box 49940-00100,
Nairobi, Kenya.